00511nam a2200133Ia 4500008004100000100002100041245007200062245011300134260004900247260000900296300001100305650001300316856004800329170221s9999 xx 000 0 und d aMontano, Carl B. 2aA reexamination of the engine of economic growth in southeast Texas cCarl B. Montano, Lamar University; James L. Slaydon, Lamar University; Ashraf F. El-Houbi, Lamar University. bJournal of Management and Marketing Research c2012 a32 : 2 xBusiness uhttp://www.aabri.com/manuscripts/141902.pdf